| Поле | Название | Значение |
| |
Тип записи |
c |
| |
Библиографический уровень |
m |
| 001 |
Контрольный номер |
RU/УОНБ/EK_N/447941224 |
| 005 |
Дата корректировки |
20240131005116.8 |
| 100 |
Данные общей обработки |
__ |
| a |
Данные общей обработки |
20140312d2014 u y0rusy0189||||ba |
| 101 |
Язык документа |
0_ |
| a |
Язык текста |
eng |
| 102 |
Страна публикации |
__ |
| a |
Страна публикации |
US |
| 105 |
Кодированные данные (монография) |
__ |
| a |
Кодированные данные (монография) |
y###||||000|y |
| 200 |
Заглавие и сведения об ответственности |
1_ |
| a |
Заглавие |
Partitas |
| b |
Общее обозначение материала |
[Ноты] |
| d |
Параллельное заглавие |
[Партиты] |
| e |
Сведения, относящиеся к заглавию |
for the piano |
| e |
Сведения, относящиеся к заглавию |
in two books |
| f |
Первые сведения об ответственности |
Bach |
| f |
Первые сведения об ответственности |
[Бах] |
| g |
Последующие сведения об ответственности |
edited and fingered by Czerny, Griepenkerl and Roitzsch |
| 210 |
Выходные данные |
1_ |
| a |
Место издания |
New York |
| c |
Издательство |
G. Schirmer, Inc. |
| 215 |
Физическое описание |
__ |
| d |
Формат |
30 см |
| 225 |
Серия |
1_ |
| a |
Серия |
Schirmer's Library Of Musical Classics |
| e |
Сведения, относящиеся к заглавию серии |
vol. 20-21 |
| 686 |
Индексы других классификаций |
__ |
| a |
Классификационный индекс |
85 |
| 2 |
Код системы |
rubbk |
| 700 |
Автор |
_1 |
| a |
Фамилия |
Bach |
| b |
Имя (инициалы) |
J. S. |
| g |
Полное личное имя |
Johann Sebastian |
| f |
Даты |
1685-1750 |
| 702 |
Вторичная интеллектуальная ответственность |
_1 |
| a |
Фамилия |
Czerny |
| 4 |
Код отношения |
340 |
| 702 |
Вторичная интеллектуальная ответственность |
_1 |
| a |
Фамилия |
Griepenkerl |
| 4 |
Код отношения |
340 |
| 702 |
Вторичная интеллектуальная ответственность |
_1 |
| a |
Фамилия |
Roitzsch |
| 4 |
Код отношения |
340 |
| 801 |
Источник записи |
_0 |
| a |
Страна |
RU |
| b |
Организация |
Ульяновская ОНБ |
| c |
Дата составления |
20140312 |
| g |
Правила каталогизации |
RCR |
| 801 |
Источник записи |
_1 |
| a |
Страна |
RU |
| b |
Организация |
Ульяновская ОНБ |
| c |
Дата составления |
20140312 |
| g |
Правила каталогизации |
RCR |
| 901 |
Тип документа |
__ |
| t |
Тип документа |
v |
| 909 |
Создатель записи |
__ |
| a |
Создатель записи |
Никитина Т. А. |
| 938 |
Служебная информация |
__ |
| a |
Имя БД |
noti |
| b |
Имя библиотеки |
УОНБ |
| c |
Имя АИБС |
МАРК-SQL |
| d |
Номер DOC_ID в БД |
12064 |